Datum a čas kvízu
18
Celkem bodů
Celkový počet nahraných bodů na tomto kvízu bez doplňovacích otázek.
8.
Pořadí na kvízu
Konečné umístění týmu na tomto kvízu.
Zaznamenané odpovědi
| # | Otázka | Odpověď | Body | Výsledky |
|---|---|---|---|---|
| 1. | Pražští zastupitelé schválili... | luskoun | 0 | |
| 2. | Jistá evropská země má od minu... | o Finsku | 0 | |
| 3. | Jak se jmenuje osobnost, která... | Veronika Khek Kubařová | 1 | |
| 4. | Společnost Walmart se omluvila... | propagace užívání drog | 0 | |
| 5. | Světová antidopingová agentura... | o vyřazení ruských sportovců ze všech velkých soutěží (na 4 roky) | 0 | |
| 6. | Plzeňské Odumřelé buňky se v l... | vchod | 1 | |
| 7. | "Dám vám hádanku a když ji uhá... | kamizola | 1 | |
| 8. | Ty knedlíky připomínají vajíčk... | karety obrovské | 0 | |
| 9. | „Prase počká. Ty jsi přednější... | Pandrholo | 0 | |
| 10. | "Žvejka to je hrozný hnus, žve... | Willy Wonka | 0 |